000 00929nam a2200229 a 4500
999 _c11228
_d11228
001 11228
003 BD-JhCC
005 20190806193626.0
008 190606b 2017bg a|||| ||a| 000 0 ben d
020 _a9847009604348
035 _a(BD-JhCC)11228
040 _aBD-JhCC
_dBD-JhCC
041 _aben
082 _a954.9205
_bISL 2017
100 _aইসলাম, মো: ফকরুল
245 _aমুক্তিযুদ্ধের কিশোর ইতিহাস :
_bনোয়াখালী জেলা /
_cমো: ফকরুল ইসলাম, আমিনুর রহমান সুলতান (সম্পা)
260 _aঢাকা:
_bতাম্রলিপি;
_c২০১৭.
300 _a১২৭ পৃ. :
_bill;
_c২২ সেমি.
650 _aLiberation war
_xjuvenile
_y1971
_zBangladesh
700 _aসুলতান, আমিনুর রহমান
942 _2ddc
_cBK